Escoles d'altres mons : Fotografies de Kim Manresa Fotografies de Kim Manresa
Descripción Física:
10 pàgines ; il·lustracions blanc i negre ; 15 x 21 cm
Otros Autores:
Manresa, Kim
Idioma:
Catalán
MARC
| LEADER | 00000nam a22000007a 4500 | ||
|---|---|---|---|
| 001 | 27881 | ||
| 003 | Arxiu | ||
| 005 | 20260324181516.0 | ||
| 008 | 230522b spa||||| |||| 00| 0 cat d | ||
| 017 | |a B 22344-2014 | ||
| 040 | |a agdb |b cat | ||
| 245 | |a Escoles d'altres mons : |b Fotografies de Kim Manresa | ||
| 260 | |a Barcelona : |b Diputació de Barcelona ; |c 2014 | ||
| 300 | |a 10 pàgines ; |b il·lustracions blanc i negre ; |c 15 x 21 cm | ||
| 650 | 0 | |9 53332 |a Fotògrafs de premsa |v Exposicions | |
| 650 | 0 | |9 54099 |a Escoles |x Exposicions | |
| 700 | |9 48843 |a Manresa, Kim |e fotografies | ||
| 710 | |9 52167 |a Barcelona (Catalunya : Província). |b Gerència de Serveis d'Educació | ||
| 942 | |2 udc |c ARXIU |n 1 | ||
| 952 | |0 0 |1 0 |2 udc |4 0 |6 FU75105 |7 1 |9 66365 |a Arxiu |b Arxiu |d 2023-05-22 |l 0 |o FU-75-105 |p 27881 |r 2023-05-22 00:00:00 |w 2023-05-22 |y ARXIU | ||
| 999 | |c 83726 |d 83726 | ||